結構 = Jie gou : (Record no. 38806)
[ view plain ]
| 000 -LEADER | |
|---|---|
| fixed length control field | 00817cam a2200265 4500 |
| 001 - CONTROL NUMBER | |
| control field | 14651853 |
| 005 - DATE AND TIME OF LATEST TRANSACTION | |
| control field | 20240709153306.0 |
| 008 - FIXED-LENGTH DATA ELEMENTS--GENERAL INFORMATION | |
| fixed length control field | 020717s1997 ch k 000 0 chi u |
| 015 ## - NATIONAL BIBLIOGRAPHY NUMBER | |
| National bibliography number | tw86009554 |
| 020 ## - INTERNATIONAL STANDARD BOOK NUMBER | |
| International Standard Book Number | 9577022340 (平裝) : |
| Terms of availability | NT$530 |
| 040 ## - CATALOGING SOURCE | |
| Original cataloging agency | CIP |
| Language of cataloging | chi |
| Modifying agency | TKU |
| -- | FJU |
| 041 0# - LANGUAGE CODE | |
| Language code of text/sound track or separate title | chi. |
| 050 ## - LIBRARY OF CONGRESS CALL NUMBER | |
| Classification number | RC488.5 |
| Item number | Ya1 |
| 100 1# - MAIN ENTRY--PERSONAL NAME | |
| Personal name | 楊連謙 Yang Lianqian. |
| 245 10 - TITLE STATEMENT | |
| Title | 結構 = Jie gou : |
| Remainder of title | 策略取向家庭治療 = ce lue qu xiang jia ting zhi liao {ch} / |
| Statement of responsibility, etc | 楊連謙, 董秀珠著. |
| 250 ## - EDITION STATEMENT | |
| Edition statement | 初版. |
| 260 ## - PUBLICATION, DISTRIBUTION, ETC. (IMPRINT) | |
| Place of publication, distribution, etc | 臺北市 : |
| Name of publisher, distributor, etc | 心理出版社公司, |
| Date of publication, distribution, etc | 1997[民86] |
| 300 ## - PHYSICAL DESCRIPTION | |
| Extent | 513面 : |
| Other physical details | 表 ; |
| Dimensions | 23公分. |
| 440 #0 - SERIES STATEMENT/ADDED ENTRY--TITLE | |
| Title | 心理治療系列 ; |
| Volume number/sequential designation | 10. |
| 504 ## - BIBLIOGRAPHY, ETC. NOTE | |
| Bibliography, etc | 附 : 參考書目. |
| 650 #7 - SUBJECT ADDED ENTRY--TOPICAL TERM | |
| Source of heading or term | csh |
| Topical term or geographic name as entry element | 家庭. |
| 650 #7 - SUBJECT ADDED ENTRY--TOPICAL TERM | |
| Source of heading or term | csh |
| Topical term or geographic name as entry element | 心理治療. |
| 700 1# - ADDED ENTRY--PERSONAL NAME | |
| Personal name | 董秀珠, |
| Relator term | 著 |
| 942 ## - ADDED ENTRY ELEMENTS (KOHA) | |
| Source of classification or shelving scheme | Library of Congress Classification |
| Item type | Books |
| Withdrawn status | Lost status | Source of classification or shelving scheme | Damaged status | Not for loan | Home library | Current library | Shelving location | Date acquired | Serial Enumeration / chronology | Accession number | Total Checkouts | Full call number | Barcode | Date last seen | Price effective from | Koha item type |
|---|---|---|---|---|---|---|---|---|---|---|---|---|---|---|---|---|
| Library of Congress Classification | BSOP Library | BSOP Library | Chinese Books (General Circulation) | 07/02/2015 | 10 | C-13738 | RC488.5 Ya1 | 00046138 | 07/02/2015 | 07/02/2015 | Books |
